Trophy hunters (Record no. 84968)

MARC details
000 -LEADER
fixed length control field 00719cad a22002415a 4500
001 - CONTROL NUMBER
control field L159763
008 - FIXED-LENGTH DATA ELEMENTS--GENERAL INFORMATION
fixed length control field 150226s2016 xxk f 000 0 eng d
035 ## - SYSTEM CONTROL NUMBER
System control number (Sirsi) u159763
041 0# - LANGUAGE CODE
Language code of text/sound track or separate title eng
100 1# - MAIN ENTRY--PERSONAL NAME
Personal name Hooper, Brendon
9 (RLIN) 6168
245 00 - TITLE STATEMENT
Title Trophy hunters
260 ## - PUBLICATION, DISTRIBUTION, ETC.
Date of publication, distribution, etc. 2016
490 ## - SERIES STATEMENT
Series statement Modus
Volume/sequential designation June 2016, 34-35 (2)
520 ## - SUMMARY, ETC.
Summary, etc. Asia-Pacific Investors have pushed volumes in Australia's business districts to record heights.
590 ## - LOCAL NOTE (RLIN)
Local note KA
650 24 - SUBJECT ADDED ENTRY--TOPICAL TERM
Topical term or geographic name entry element OFFSHORE INVESTMENTS
650 24 - SUBJECT ADDED ENTRY--TOPICAL TERM
Topical term or geographic name entry element PROPERTY-COMMERCIAL PROPERTY-COMMERCIAL PROPERTY FINANCE AND INVESTMENT
650 24 - SUBJECT ADDED ENTRY--TOPICAL TERM
Topical term or geographic name entry element Investments
9 (RLIN) 6250
651 #4 - SUBJECT ADDED ENTRY--GEOGRAPHIC NAME
Geographic name Asia Pacific
651 #4 - SUBJECT ADDED ENTRY--GEOGRAPHIC NAME
Geographic name Australia
690 ## - LOCAL SUBJECT ADDED ENTRY--TOPICAL TERM (OCLC, RLIN)
Topical term or geographic name as entry element Commercial property
9 (RLIN) 6227
942 ## - ADDED ENTRY ELEMENTS (KOHA)
Suppress in OPAC 0
Holdings
Withdrawn status Lost status Source of classification or shelving scheme Damaged status Not for loan Home library Current library Shelving location Date acquired Total Checkouts Full call number Date last seen Copy number Price effective from Koha item type
    Dewey Decimal Classification     London London Journal article 19/12/2017   L159763 06/08/2019 1 06/08/2019 Journal article